The devil and Miss Prym : (Record no. 17805)
[ view plain ]
| 000 -LEADER | |
|---|---|
| fixed length control field | 01226nam a22003498a 4500 |
| 001 - CONTROL NUMBER | |
| control field | 013385802 |
| 003 - CONTROL NUMBER IDENTIFIER | |
| control field | EG-ScBUE |
| 005 - DATE AND TIME OF LATEST TRANSACTION | |
| control field | 20200907101757.0 |
| 008 - FIXED-LENGTH DATA ELEMENTS--GENERAL INFORMATION | |
| fixed length control field | 051104s2006 nyu f 000 1 eng d |
| 020 ## - INTERNATIONAL STANDARD BOOK NUMBER | |
| International Standard Book Number | 9780061154287 |
| 040 ## - CATALOGING SOURCE | |
| Original cataloging agency | EG-ScBUE |
| Language of cataloging | eng |
| Description conventions | rda |
| Transcribing agency | EG-ScBUE |
| Modifying agency | EG-ScBUE |
| 041 1# - LANGUAGE CODE | |
| Language code of text/sound track or separate title | eng |
| Language code of original and/or intermediate translations of text | por |
| 082 04 - DEWEY DECIMAL CLASSIFICATION NUMBER | |
| Classification number | 869.342 |
| Item number | COE |
| Edition number | 22 |
| 100 1# - MAIN ENTRY--PERSONAL NAME | |
| 9 (RLIN) | 7189 |
| Personal name | Coelho, Paulo, |
| Relator term | author. |
| 245 14 - TITLE STATEMENT | |
| Title | The devil and Miss Prym : |
| Remainder of title | a novel of temptation / |
| Statement of responsibility, etc | Paulo Coelho ; translated by Amanda Hopkinson and Nick Caistor. |
| 250 ## - EDITION STATEMENT | |
| Edition statement | International edition. |
| 264 #1 - PUBLICATION, DISTRIBUTION, ETC. (IMPRINT) | |
| Place of publication, distribution, etc | New York : |
| Name of publisher, distributor, etc | Harper Collins Publishers, |
| Date of publication, distribution, etc | 2006. |
| 300 ## - PHYSICAL DESCRIPTION | |
| Extent | xii, 205 pages ; |
| Dimensions | 18 cm. |
| 336 ## - CONTENT TYPE | |
| Source | rdacontent |
| Content type term | text |
| Content type code | txt |
| 337 ## - MEDIA TYPE | |
| Source | rdamedia |
| Media type term | unmediated |
| Media type code | n |
| 338 ## - CARRIER TYPE | |
| Source | rdacarrier |
| Carrier type term | volume |
| Carrier type code | nc |
| 490 0# - SERIES STATEMENT | |
| Series statement | Harper fiction |
| 546 ## - LANGUAGE NOTE | |
| Language note | Translated from the Portuguese. |
| 590 ## - LOCAL NOTE (RLIN) | |
| Local note | Book for the road program. |
| 650 #7 - SUBJECT ADDED ENTRY--TOPICAL TERM | |
| Topical term or geographic name as entry element | Good and evil |
| Form subdivision | Fiction. |
| Source of heading or term | BUEsh |
| 9 (RLIN) | 24391 |
| 650 #7 - SUBJECT ADDED ENTRY--TOPICAL TERM | |
| Topical term or geographic name as entry element | Portuguese fiction. |
| Source of heading or term | BUEsh |
| 9 (RLIN) | 34584 |
| Chronological subdivision | 21st century. |
| 653 ## - INDEX TERM--UNCONTROLLED | |
| Arrived date list | December2013 |
| Resource For college | Humanities: English |
| 655 ## - INDEX TERM--GENRE/FORM | |
| Form subdivision | Reading book |
| 9 (RLIN) | 34232 |
| 700 1# - ADDED ENTRY--PERSONAL NAME | |
| Personal name | Hopkinson, Amanda, |
| Dates associated with a name | 1948- |
| Relator term | translator. |
| 9 (RLIN) | 24393 |
| 700 1# - ADDED ENTRY--PERSONAL NAME | |
| Personal name | Caistor, Nick. |
| Relator term | translator. |
| 9 (RLIN) | 24394 |
| 942 ## - ADDED ENTRY ELEMENTS (KOHA) | |
| Source of classification or shelving scheme | Dewey Decimal Classification |
| Koha item type | Book - Borrowing |
| Call number prefix | 869.342 COD |
| Withdrawn status | Lost status | Source of classification or shelving scheme | Damaged status | Not for loan | Collection code | Home library | Current library | Shelving location | Date acquired | Source of acquisition | Cost, normal purchase price | Total Checkouts | Total Renewals | Full call number | Barcode | Date last seen | Date checked out | Cost, replacement price | Price effective from | Koha item type |
|---|---|---|---|---|---|---|---|---|---|---|---|---|---|---|---|---|---|---|---|---|
| Dewey Decimal Classification | سور الازبكية | Central Library | Central Library | Second Floor | 09/12/2013 | Purchase | 25.00 | 11 | 24 | 869.342 COE | 000035138 | 15/07/2025 | 16/02/2020 | 31.25 | 09/12/2013 | Book - Borrowing | ||||
| Dewey Decimal Classification | Baccah | Central Library | Central Library | Second Floor | 07/09/2020 | Purchase | 3 | 18 | 869.342 COE | 000049569 | 15/07/2025 | 04/03/2024 | 07/09/2020 | Book - Borrowing |